[Event "Titled Tue 26th Aug Late"]
[Site "chess.com INT"]
[Date "2025.08.26"]
[Round "3"]
[White "Esquivel Golcher, Luis Enrique"]
[Black "Vlassov, Nikolai"]
[Result "1-0"]
[WhiteTitle "FM"]
[BlackTitle "IM"]
[WhiteElo "2044"]
[BlackElo "2301"]
[WhiteFideId "6600174"]
[BlackFideId "4103360"]
[EventDate "2025.08.26"]

1. e4 Nc6 2. Nf3 d5 3. e5 Bg4 4. d4 Bxf3 5. gxf3 Qd7 6. c3 e6 7. Nd2 Nge7 8. Nb3
Nf5 9. Bd3 Nce7 10. Qe2 b6 11. a4 a5 12. Bf4 f6 13. exf6 gxf6 14. O-O-O Ng6 15.
Bxc7 Nd6 16. Bxd6 Bxd6 17. Bb5 Nf4 18. Bxd7+ Kxd7 19. Qb5+ Kc7 20. Kb1 Rhg8 21.
Rhg1 Rg6 22. Rxg6 hxg6 23. c4 Rh8 24. c5 bxc5 25. dxc5 Be5 26. Nxa5 Rb8 27. Qc6+
Kd8 28. Nb7+ Ke7 29. a5 Ne2 30. a6 Ra8 31. Qb6 Nd4 32. c6 Nxf3 33. c7 Rc8 34.
Rc1 1-0

[Event "Titled Tue 26th Aug Late"]
[Site "chess.com INT"]
[Date "2025.08.26"]
[Round "3"]
[White "Powell, Paul"]
[Black "Baches Garcia, Guillermo"]
[Result "0-1"]
[WhiteTitle "CM"]
[BlackTitle "IM"]
[WhiteElo "2270"]
[BlackElo "2305"]
[WhiteFideId "2005840"]
[BlackFideId "2209764"]
[EventDate "2025.08.26"]

1. d4 Nf6 2. Nf3 e6 3. Bf4 c5 4. c3 b6 5. Nbd2 Bb7 6. e3 cxd4 7. exd4 Be7 8. h3
O-O 9. Bd3 Ba6 10. Qe2 Bxd3 11. Qxd3 d6 12. O-O Nbd7 13. Rfe1 Qc7 14. Rac1 Rfe8
15. Ne4 h6 16. Nfd2 Nxe4 17. Nxe4 Nf6 18. Qf3 Nxe4 19. Rxe4 b5 20. Rce1 a5 21.
a3 b4 22. Qg3 Kh7 23. axb4 axb4 24. R4e3 g5 25. Rf3 gxf4 26. Qxf4 Bg5 27. Qe4+
f5 28. Qd3 bxc3 29. bxc3 d5 30. h4 Bxh4 31. Rh3 Bg5 32. g4 Qf7 33. Rf3 Qg6 34.
gxf5 exf5 35. Kf1 Rxe1+ 36. Kxe1 Ra1+ 37. Ke2 Qe6+ 0-1

[Event "Titled Tue 26th Aug Late"]
[Site "chess.com INT"]
[Date "2025.08.26"]
[Round "3"]
[White "Kravtsiv, Martyn"]
[Black "Ruperez Benito, Antonio"]
[Result "1-0"]
[WhiteTitle "GM"]
[BlackTitle "FM"]
[WhiteElo "2598"]
[BlackElo "2328"]
[WhiteFideId "14113147"]
[BlackFideId "22245049"]
[EventDate "2025.08.26"]

1. e4 e6 2. d4 d5 3. exd5 exd5 4. Nf3 Nc6 5. c3 Bg4 6. h3 Bh5 7. Be2 Bd6 8. Qb3
Nge7 9. Qxb7 O-O 10. O-O Rb8 11. Qa6 Rb6 12. Qd3 Bg6 13. Qd1 Nf5 14. Re1 Nh4 15.
Nbd2 Nxf3+ 16. Nxf3 Be4 17. Ng5 Qf6 18. b4 Bf4 19. Nxe4 dxe4 20. Bxf4 Qxf4 21.
Qc1 Qh4 22. Bc4 Kh8 23. g3 Qxh3 24. Rxe4 Nd8 25. Rh4 Qf5 26. Qe3 h6 27. d5 c6
28. d6 Qd7 29. Rd1 Ne6 30. Re4 Rc8 31. Bxe6 fxe6 32. Rxe6 c5 33. Re7 Qf5 34. d7 1-0

[Event "Titled Tue 26th Aug Late"]
[Site "chess.com INT"]
[Date "2025.08.26"]
[Round "3"]
[White "Gavilan Diaz, Mario"]
[Black "Lortkipanidze, Nodar"]
[Result "0-1"]
[WhiteTitle "FM"]
[BlackTitle "IM"]
[WhiteElo "2195"]
[BlackElo "2359"]
[WhiteFideId "2260905"]
[BlackFideId "13604058"]
[EventDate "2025.08.26"]

1. d4 e6 2. c4 b6 3. Nc3 Bb7 4. a3 f5 5. Nf3 Nf6 6. g3 Be7 7. d5 Ne4 8. Nxe4
fxe4 9. Nd4 exd5 10. cxd5 O-O 11. Qb3 Bd6 12. Bg2 Na6 13. O-O Nc5 14. Qc4 a5 15.
Be3 a4 16. Rfd1 Qf6 17. b4 axb3 18. Nxb3 Ba6 19. Qc2 Nxb3 20. Qxb3 Bxe2 21. Rdc1
Bd3 22. Bf1 Bxf1 23. Rxf1 Kh8 24. a4 Ra5 25. Rfd1 Bc5 26. Ra2 Qf3 27. Re1 d6 28.
Qc4 Bxe3 29. Rxe3 Qd1+ 30. Kg2 Qxd5 31. Qxd5 Rxd5 32. Rxe4 Rdf5 33. Re7 R5f7 34.
Re4 g5 35. a5 bxa5 36. Rea4 Rf5 37. Rxa5 Rxa5 38. Rxa5 h6 39. f3 Rf7 40. Kf2 Kg7
41. Ke3 Kf6 42. f4 c5 43. Ke4 Ke6 44. fxg5 hxg5 45. Ra6 Rf2 46. h4 gxh4 47. gxh4
Rh2 48. Ra8 Rxh4+ 49. Kd3 Kd5 50. Rd8 Rh3+ 51. Kd2 c4 52. Rd7 Kc5 53. Rd8 d5 54.
Rd7 Kd4 55. Kc2 Rh2+ 56. Kc1 Kc3 57. Rxd5 Rh1+ 58. Rd1 Rxd1+ 59. Kxd1 Kb2 0-1

[Event "Titled Tue 26th Aug Late"]
[Site "chess.com INT"]
[Date "2025.08.26"]
[Round "3"]
[White "Yagiz, Yasin Emrah"]
[Black "Mizzi, Jack"]
[Result "0-1"]
[WhiteTitle "FM"]
[BlackTitle "CM"]
[WhiteElo "2107"]
[BlackElo "2130"]
[WhiteFideId "6303684"]
[BlackFideId "5602521"]
[EventDate "2025.08.26"]

1. Nf3 Nf6 2. c4 e6 3. g3 d5 4. Bg2 Be7 5. O-O O-O 6. b3 b6 7. Bb2 Bb7 8. d3 c5
9. Nbd2 Nc6 10. a3 d4 11. Ne4 Nxe4 12. dxe4 e5 13. Ne1 Qd7 14. Nd3 f6 15. Qd2 a5
16. f4 a4 17. b4 Rac8 18. b5 Na5 19. Qc2 Nb3 20. Rad1 Bd6 21. Nc1 Nxc1 22. Bxc1
Ra8 23. f5 g5 24. fxg6 hxg6 25. Rd3 Kg7 26. g4 Qxg4 27. Rg3 Qh5 28. Rh3 Qg4 29.
Bh6+ Kg8 30. Bxf8 Rxf8 31. Rg3 Qh5 32. Rf5 Qh6 33. Kh1 Bc8 34. Rf2 Kf7 35. Qxa4
Rh8 36. Bh3 Bxh3 37. Qa7+ Be7 38. Rgf3 Qc1+ 39. Rf1 Bxf1 0-1

[Event "Titled Tue 26th Aug Late"]
[Site "chess.com INT"]
[Date "2025.08.26"]
[Round "3"]
[White "Kulik, Nicolas"]
[Black "Walentukiewicz, Michal"]
[Result "1-0"]
[BlackTitle "CM"]
[WhiteElo "2111"]
[BlackElo "2037"]
[WhiteFideId "3009530"]
[BlackFideId "1126903"]
[EventDate "2025.08.26"]

1. e4 g6 2. d4 Bg7 3. Nc3 c5 4. d5 d6 5. Nf3 Nf6 6. h3 O-O 7. Be2 e6 8. O-O exd5
9. exd5 Na6 10. Bf4 Nc7 11. a4 a6 12. a5 Rb8 13. Na4 Nb5 14. Nxc5 Nh5 15. Bh2
Bxb2 16. Bxb5 Bxa1 17. Qxa1 axb5 18. Ne4 Bf5 19. Nxd6 Bxc2 20. Rc1 Bd3 21. Rd1
Bc4 22. Ne5 Qxd6 23. Ng4 Qxh2+ 24. Kxh2 h6 25. Nxh6+ Kh7 26. g4 Nf4 27. Qf6 Kxh6
28. Qxf4+ Kh7 29. d6 Be6 30. Qb4 Bc4 31. g5 Rfd8 32. h4 Rd7 33. Qc5 Rbd8 34. Qe5
Kg8 35. f4 Ra8 36. f5 gxf5 37. Qxf5 Rdd8 38. g6 Rxa5 39. gxf7+ Bxf7 40. Qg5+ Kh7
41. Qxd8 1-0

[Event "Titled Tue 26th Aug Late"]
[Site "chess.com INT"]
[Date "2025.08.26"]
[Round "3"]
[White "Winslow, Elliott"]
[Black "Schuster, Karsten"]
[Result "0-1"]
[WhiteTitle "IM"]
[BlackTitle "FM"]
[WhiteElo "1976"]
[BlackElo "2266"]
[WhiteFideId "2002523"]
[BlackFideId "4611071"]
[EventDate "2025.08.26"]

1. e4 d5 2. exd5 Qxd5 3. Nc3 Qd6 4. d4 c6 5. Nf3 Nf6 6. Bd3 Bg4 7. h3 Bxf3 8.
Qxf3 Qxd4 9. Bf4 e6 10. O-O-O Qb6 11. g4 Be7 12. Rhe1 Nbd7 13. g5 Nd5 14. Nxd5
cxd5 15. h4 O-O-O 16. Kb1 g6 17. c4 Nc5 18. cxd5 Rxd5 19. Bc4 Rxd1+ 20. Rxd1 Rd8
21. Rxd8+ Qxd8 22. b3 Qd4 23. Qe3 Qxe3 24. Bxe3 Ne4 25. Kc2 Bc5 26. Kd3 Bxe3 27.
Kxe3 Nd6 28. Bd3 e5 29. f4 exf4+ 30. Kxf4 Kd7 31. Ke5 Ke7 32. h5 gxh5 33. Bxh7
b6 34. Bd3 Ne8 35. Kf4 Ng7 36. Kg3 f6 37. Kh4 f5 0-1

[Event "Titled Tue 26th Aug Late"]
[Site "chess.com INT"]
[Date "2025.08.26"]
[Round "3"]
[White "Naroditsky, Daniel"]
[Black "Ostrovskiy, Aleksandr"]
[Result "1-0"]
[WhiteTitle "GM"]
[BlackTitle "IM"]
[WhiteElo "2619"]
[BlackElo "2366"]
[WhiteFideId "2026961"]
[BlackFideId "2034239"]
[EventDate "2025.08.26"]

1. e4 d5 2. exd5 Nf6 3. Nf3 Bg4 4. h3 Bxf3 5. Qxf3 Qxd5 6. Be2 Nc6 7. Qxd5 Nxd5
8. O-O O-O-O 9. c3 Nf4 10. Bg4+ e6 11. d4 Nd3 12. Nd2 Nxc1 13. Raxc1 h5 14. Bf3
Ne7 15. Nc4 Ng6 16. Be4 Nf4 17. Rfe1 Bd6 18. h4 g6 19. g3 Nd5 20. Kg2 Nf6 21.
Bf3 c6 22. a4 Nd5 23. b4 Nb6 24. Nb2 a6 25. a5 Nd5 26. Nd3 Rhe8 27. Rc2 Bc7 28.
Nc5 Ne7 29. Rb1 Nd5 30. c4 Ne7 31. b5 Rxd4 32. bxa6 bxa6 33. Nxa6 Red8 34. Nc5
Rd2 35. Rxd2 Rxd2 36. a6 Ra2 37. Rb7 Bd6 38. Ne4 Bc7 39. Ng5 Rxa6 40. Rb3 Nf5
41. Nxf7 Ra2 42. Kf1 Ra1+ 43. Kg2 Ra2 44. Be4 Nd6 45. Nxd6+ Bxd6 46. Bxg6 Bc5
47. Rf3 Rc2 48. Bxc2 1-0

[Event "Titled Tue 26th Aug Late"]
[Site "chess.com INT"]
[Date "2025.08.26"]
[Round "3"]
[White "Bhatia, Kanishka"]
[Black "Graif, William"]
[Result "0-1"]
[WhiteTitle "WCM"]
[BlackTitle "FM"]
[WhiteElo "2067"]
[BlackElo "2227"]
[WhiteFideId "2410095"]
[BlackFideId "2609835"]
[EventDate "2025.08.26"]

1. e4 e5 2. Nf3 Bc5 3. Bc4 Nf6 4. d3 O-O 5. Nc3 d6 6. O-O Bg4 7. h3 Bh5 8. Bg5
h6 9. Be3 Nbd7 10. Bxc5 Nxc5 11. Re1 Ne6 12. g4 Nxg4 13. hxg4 Bxg4 14. Re3 Nd4
15. Kg2 Kh8 16. Nb1 Nxf3 17. Rxf3 Qg5 18. Kf1 f5 19. Nd2 fxe4 20. Rxf8+ Rxf8 21.
Qe1 Qh5 0-1

[Event "Titled Tue 26th Aug Late"]
[Site "chess.com INT"]
[Date "2025.08.26"]
[Round "3"]
[White "Chahin Godoy, Angel Eduardo"]
[Black "Gemy, Jose Daniel"]
[Result "0-1"]
[WhiteTitle "CM"]
[BlackTitle "IM"]
[WhiteElo "2002"]
[BlackElo "2325"]
[WhiteFideId "8404925"]
[BlackFideId "3301478"]
[EventDate "2025.08.26"]

1. Nf3 Nf6 2. g3 g6 3. Bg2 Bg7 4. O-O O-O 5. d4 d6 6. c4 c6 7. Nc3 Nbd7 8. b3 e5
9. Bb2 Re8 10. dxe5 dxe5 11. e4 Qc7 12. Re1 Nc5 13. Qe2 Bg4 14. b4 Ne6 15. Rac1
Bh6 16. Nd5 cxd5 17. cxd5 Bxc1 18. Rxc1 Nd4 19. Nxd4 Qxc1+ 20. Bxc1 Bxe2 21.
Nxe2 a5 22. b5 Rac8 23. Be3 Rc2 24. Nc1 Rec8 25. Nd3 Nd7 26. Bh3 Rd8 27. Bxd7
Rxd7 28. Nxe5 Re7 29. d6 Re6 30. d7 Rd6 31. Bb6 Rcd2 32. Bxa5 Rd1+ 33. Kg2 f6
34. Ng4 Kf7 35. d8=Q Rxd8 36. Bxd8 Rxd8 37. Ne3 Ra8 38. Nc4 Ke6 39. a3 Ra4 40.
Nb6 Rxe4 41. a4 Kd6 42. a5 Kc5 43. Nd7+ Kxb5 44. Nxf6 Re7 45. Nd5 Rd7 46. Nf6
Rf7 47. Nd5 Kxa5 48. h4 b5 0-1

[Event "Titled Tue 26th Aug Late"]
[Site "chess.com INT"]
[Date "2025.08.26"]
[Round "3"]
[White "Mottola, Max"]
[Black "Amirkul, Alimzhan"]
[Result "1-0"]
[BlackTitle "FM"]
[WhiteElo "2183"]
[BlackElo "2242"]
[WhiteFideId "30985862"]
[BlackFideId "13718428"]
[EventDate "2025.08.26"]

1. d4 Nf6 2. Bf4 e6 3. Nf3 d5 4. e3 Be7 5. Nbd2 O-O 6. Bd3 b6 7. Ne5 Bb7 8. Qf3
Nbd7 9. Qh3 c5 10. c3 h6 11. g4 Ne4 12. f3 Bh4+ 13. Bg3 Nxe5 14. dxe5 Nxc3 15.
Bxh4 Qc7 16. bxc3 Qxe5 17. Ke2 d4 18. cxd4 cxd4 19. e4 Rac8 20. Rac1 Rc3 21.
Rxc3 dxc3 22. Nc4 Qd4 23. Rc1 b5 24. Bf2 Qf6 25. Nd6 Bc6 26. Nxb5 Bxb5 27. Bxb5
Rb8 28. Bd3 Rb2+ 29. Rc2 Qf4 30. Be3 Qd6 31. Qg3 e5 32. Qe1 Qa3 33. Kf1 Qxa2 34.
Qxc3 Rb1+ 35. Kg2 Qa4 36. Qc8+ Kh7 37. Qf5+ Kg8 38. Rc8+ 1-0

[Event "Titled Tue 26th Aug Late"]
[Site "chess.com INT"]
[Date "2025.08.26"]
[Round "3"]
[White "Goncharov, Vladimir"]
[Black "Itkis, Boris"]
[Result "1-0"]
[BlackTitle "IM"]
[WhiteElo "2077"]
[BlackElo "2250"]
[WhiteFideId "34162256"]
[BlackFideId "1209167"]
[EventDate "2025.08.26"]

1. d4 d5 2. c4 e6 3. Nf3 Nf6 4. g3 Be7 5. Bg2 O-O 6. O-O dxc4 7. Ne5 Nc6 8. Bxc6
bxc6 9. Nxc6 Qd6 10. Nxe7+ Qxe7 11. Qa4 Rd8 12. Qxc4 a5 13. Nc3 Qd7 14. Bf4 c6
15. Rfd1 Ba6 16. Qa4 Bb5 17. Nxb5 cxb5 18. Qb3 Nd5 19. Bg5 Rdc8 20. a3 h6 21.
Bd2 a4 22. Qd3 Rc7 23. e4 Nf6 24. Bc3 Rd8 25. Qe2 Qc6 26. Re1 Qc4 27. Qxc4 Rxc4
28. f3 Kf8 29. Rac1 Ne8 30. Bb4+ Kg8 31. Rxc4 bxc4 32. Rd1 Nc7 33. Kf2 Nb5 34.
Ke3 f6 35. d5 exd5 36. Rxd5 Rxd5 37. exd5 Kf7 38. g4 g6 39. Ke4 Ke8 40. h4 Kd7
41. h5 gxh5 42. gxh5 Nd6+ 43. Bxd6 Kxd6 44. Kd4 c3 45. bxc3 f5 46. f4 Kd7 47.
Ke5 Kc7 48. Kxf5 Kd6 49. Ke4 Kc5 50. f5 Kc4 51. d6 Kxc3 52. d7 1-0

[Event "Titled Tue 26th Aug Late"]
[Site "chess.com INT"]
[Date "2025.08.26"]
[Round "3"]
[White "Sakhayi, Mostafa"]
[Black "Grot, Blazej"]
[Result "0-1"]
[WhiteTitle "CM"]
[BlackTitle "CM"]
[WhiteElo "2166"]
[BlackElo "2207"]
[WhiteFideId "12512532"]
[BlackFideId "21835845"]
[EventDate "2025.08.26"]

1. d4 Nf6 2. c4 e6 3. Nc3 d5 4. cxd5 exd5 5. Bg5 c6 6. e3 h6 7. Bh4 Be7 8. Bd3
O-O 9. Nge2 Ne8 10. Bg3 Nd6 11. Qc2 Re8 12. O-O Bf8 13. a4 a5 14. Rae1 Na6 15.
Bxa6 Rxa6 16. Nc1 Bf5 17. Qd1 Bg6 18. f3 Nc4 19. e4 Nxb2 20. Qd2 Nc4 21. Qf2 Ra8
22. e5 Bb4 23. N1a2 b5 24. f4 Bf5 25. Bh4 Qd7 26. h3 Bxc3 27. Nxc3 b4 28. Ne2
Nd2 29. g4 Be4 30. Kh2 Nf3+ 31. Kg3 g5 32. fxg5 hxg5 33. Bxg5 Nxg5 34. Nf4 Re6
35. Re3 Rb8 36. h4 Nh7 37. Nxe6 Qxe6 38. g5 b3 39. h5 Nxg5 40. Kh4 Nh7 41. Rg3+
Kf8 42. Qf4 b2 43. Qh6+ Qxh6 0-1

[Event "Titled Tue 26th Aug Late"]
[Site "chess.com INT"]
[Date "2025.08.26"]
[Round "3"]
[White "Erigaisi, Arjun"]
[Black "Rorrer, Grayson"]
[Result "1-0"]
[WhiteTitle "GM"]
[BlackTitle "IM"]
[WhiteElo "2776"]
[BlackElo "2426"]
[WhiteFideId "35009192"]
[BlackFideId "30944996"]
[EventDate "2025.08.26"]

1. d4 Nf6 2. Bg5 d5 3. e3 Nbd7 4. Nf3 Ne4 5. Bh4 c5 6. Nbd2 Qb6 7. Bd3 Ndf6 8.
c4 cxd4 9. exd4 Nxd2 10. Qxd2 dxc4 11. Bxc4 Ne4 12. Qe2 Qb4+ 13. Kf1 Nd6 14. Bd3
Bf5 15. Rd1 e6 16. d5 Be7 17. Bxe7 Kxe7 18. Bxf5 Nxf5 19. dxe6 fxe6 20. Re1 Qd6
21. Qb5 Qa6 22. Qxa6 bxa6 23. Ke2 Rac8 24. Rc1 Nd6 25. Ne5 Kf6 26. f4 g5 27. Nd3
gxf4 28. Nxf4 Nf5 29. Rhd1 Ke5 30. g3 Nd4+ 31. Kd3 Rhd8 32. Rxc8 Rxc8 33. Re1+ 1-0

[Event "Titled Tue 26th Aug Late"]
[Site "chess.com INT"]
[Date "2025.08.26"]
[Round "3"]
[White "Chelly, Yahya"]
[Black "Cevizci, Yusuf Baran"]
[Result "0-1"]
[WhiteTitle "CM"]
[BlackTitle "CM"]
[WhiteElo "1949"]
[BlackElo "2094"]
[WhiteFideId "5516200"]
[BlackFideId "34565400"]
[EventDate "2025.08.26"]

1. d4 d5 2. c4 c6 3. e3 Nf6 4. Nf3 e6 5. Bd3 Bd6 6. O-O Nbd7 7. a3 O-O 8. Nc3 e5
9. dxe5 Nxe5 10. Nxe5 Bxe5 11. cxd5 Nxd5 12. Nxd5 Qxd5 13. Qc2 h6 14. e4 Qd8 15.
Be3 Be6 16. Rad1 Qf6 17. f4 Bd4 18. Bxd4 Qxd4+ 19. Kh1 Qb6 20. Qe2 Rfe8 21. Qh5
Rad8 22. Rd2 Rxd3 23. Rxd3 Bc4 24. Rd7 Qxb2 25. f5 Qf6 26. Rb1 Rxe4 27. h3 b5
28. Rxa7 Bd5 29. Rf1 Rh4 30. Qe2 Rxh3+ 31. Kg1 Rg3 32. Ra8+ Kh7 33. Rf2 Qd4 34.
Kh2 Qh4+ 35. Kg1 Qd4 36. Kh2 Rg5 37. f6 g6 38. Re8 h5 39. Re7 h4 40. Qd2 Qg4 41.
Qe2 Qg3+ 42. Kg1 h3 43. Rxf7+ Bxf7 44. Qe7 h2+ 45. Kh1 Qxf2 46. Qxf7+ Kh6 47.
Qg7+ Kh5 48. Qh7+ Kg4 49. Qh3+ Kf4 50. f7 Qg1# 0-1

[Event "Titled Tue 26th Aug Late"]
[Site "chess.com INT"]
[Date "2025.08.26"]
[Round "3"]
[White "Jasinski, Alexander"]
[Black "Tica, Sven"]
[Result "0-1"]
[BlackTitle "IM"]
[WhiteElo "2063"]
[BlackElo "2442"]
[WhiteFideId "55627994"]
[BlackFideId "14526948"]
[EventDate "2025.08.26"]

1. e4 g6 2. d4 Bg7 3. Be3 c6 4. c4 d5 5. Nc3 dxe4 6. Nxe4 Nf6 7. Nxf6+ exf6 8.
Nf3 O-O 9. h4 h5 10. Bd3 Bg4 11. Be2 Re8 12. Qd2 f5 13. Bg5 Qd6 14. Rd1 Qe6 15.
d5 cxd5 16. cxd5 Qe4 17. d6 Nd7 18. Be7 Rac8 19. Qd3 Rc2 20. Qxe4 fxe4 21. Nd2
Bxe2 22. Kxe2 Rxb2 23. Rb1 Rxa2 24. Rxb7 Bc3 25. Rd1 e3 26. fxe3 Rb8 27. Rxd7
Rbb2 28. Rc7 Rxd2+ 29. Rxd2 Rxd2+ 30. Kf3 Bb4 31. Rc6 a5 32. Ra6 f5 33. Kf4 Kf7
34. Ra7 Ke6 35. Ra6 Rxg2 36. Kf3 Rd2 37. Bf8 Rd5 38. e4 Rd3+ 39. Kf4 Bd2# 0-1

[Event "Titled Tue 26th Aug Late"]
[Site "chess.com INT"]
[Date "2025.08.26"]
[Round "3"]
[White "Leiva, Gianmarco"]
[Black "Bortnyk, Olexandr"]
[Result "0-1"]
[WhiteTitle "IM"]
[BlackTitle "GM"]
[WhiteElo "2379"]
[BlackElo "2601"]
[WhiteFideId "3804399"]
[BlackFideId "14120828"]
[EventDate "2025.08.26"]

1. d4 f5 2. g3 d6 3. Bg2 Nf6 4. b3 g6 5. Bb2 Bg7 6. Nf3 c6 7. O-O Ne4 8. Nbd2 d5
9. Ne1 Be6 10. f3 Nxd2 11. Qxd2 Nd7 12. e4 Qb6 13. exf5 Bxf5 14. f4 e5 15. fxe5
Nxe5 16. h3 O-O-O 17. Kh2 Nf7 18. a4 h5 19. a5 Qc7 20. Qf4 Qxf4 21. Rxf4 Rde8
22. a6 bxa6 23. Rf2 Ng5 24. Nf3 Nxf3+ 25. Bxf3 Rhf8 26. Raf1 a5 27. Bxh5 gxh5
28. Rxf5 Re2+ 29. Kg1 Rxf5 30. Rxf5 Rxc2 31. Ba3 Bxd4+ 32. Kf1 Rc3 33. Bd6 Rxb3
34. Rf7 a4 35. Rc7+ Kd8 36. Rxc6 a3 37. Ra6 Kd7 38. g4 a2 39. Rxa2 Kxd6 40. gxh5
Rxh3 41. h6 Rxh6 42. Ra6+ Bb6 43. Rxb6+ axb6 0-1

[Event "Titled Tue 26th Aug Late"]
[Site "chess.com INT"]
[Date "2025.08.26"]
[Round "3"]
[White "Pontes, Luiz Felizola Lima"]
[Black "Morgunov, Marc"]
[Result "0-1"]
[BlackTitle "FM"]
[WhiteElo "1871"]
[BlackElo "2396"]
[WhiteFideId "44709919"]
[BlackFideId "1640305"]
[EventDate "2025.08.26"]

1. e4 c5 2. Nf3 d6 3. d4 cxd4 4. Nxd4 Nf6 5. f3 Nc6 6. c4 g6 7. Nc3 Bg7 8. Be3
O-O 9. Be2 Bd7 10. O-O Rc8 11. Rc1 a6 12. Qd2 Qa5 13. Nxc6 bxc6 14. Nd5 Qd8 15.
Bb6 Qe8 16. Nc7 Qd8 17. Qa5 Rb8 18. Nd5 Qe8 19. Nc7 Qc8 20. Nxa6 c5 21. Nxb8
Qxb8 22. b4 Nh5 23. bxc5 d5 24. Bc7 Qb2 25. Rce1 dxe4 26. fxe4 Bd4+ 27. Kh1 Bc3
28. Qb6 Qxa2 29. c6 Be6 30. Bg3 Nxg3+ 31. hxg3 Qd2 32. c7 Bd4 33. Qb8 Qh6+ 0-1

[Event "Titled Tue 26th Aug Late"]
[Site "chess.com INT"]
[Date "2025.08.26"]
[Round "3"]
[White "Gasparyan, David"]
[Black "Bardyk, Artem"]
[Result "0-1"]
[BlackTitle "FM"]
[WhiteElo "2194"]
[BlackElo "2332"]
[WhiteFideId "13311980"]
[BlackFideId "34349979"]
[EventDate "2025.08.26"]

1. Nf3 d5 2. d4 Nf6 3. Bg5 c5 4. e3 cxd4 5. exd4 Nc6 6. c3 Bf5 7. Bd3 Bxd3 8.
Qxd3 e6 9. Nbd2 Be7 10. O-O O-O 11. Rae1 h6 12. Bf4 Bd6 13. Ne5 Nh5 14. Bg3 Nxg3
15. Qxg3 Bxe5 16. dxe5 b5 17. Qe3 d4 18. cxd4 Qxd4 19. Nf3 Qxb2 20. Rb1 Qxa2 21.
Rxb5 Rab8 22. Rc5 Nb4 23. Qe4 Nd5 24. h4 Rfc8 25. Rxc8+ Rxc8 26. Qd4 a5 27. Ra1
Qc2 28. Rxa5 Rc4 29. Ra8+ Kh7 30. Qd2 Qb1+ 31. Kh2 Rc1 32. Kg3 Rh1 33. Qe2 Qg6+
34. Ng5+ hxg5 0-1

[Event "Titled Tue 26th Aug Late"]
[Site "chess.com INT"]
[Date "2025.08.26"]
[Round "3"]
[White "Haarh, Simon Bjork"]
[Black "Brilej, Jaka"]
[Result "0-1"]
[WhiteTitle "CM"]
[BlackTitle "FM"]
[WhiteElo "2195"]
[BlackElo "2334"]
[WhiteFideId "1470515"]
[BlackFideId "14618818"]
[EventDate "2025.08.26"]

1. e4 c5 2. Nf3 d6 3. d4 cxd4 4. Nxd4 Nf6 5. Nc3 a6 6. Bc4 e6 7. Bb3 b5 8. O-O
Be7 9. Qf3 Qc7 10. Qg3 O-O 11. Bh6 Ne8 12. Rad1 Nc6 13. Nd5 exd5 14. Nxc6 dxe4
15. Nxe7+ Qxe7 16. Rfe1 Bb7 17. f3 d5 18. fxe4 dxe4 19. Kh1 Kh8 20. Bg5 f6 21.
Bf4 Rd8 22. Qc3 Nd6 23. Qc5 Nc8 24. Qc3 Rxd1 25. Rxd1 Rd8 26. Rxd8+ Qxd8 27. h3
Ne7 28. Qc5 Ng6 29. Be3 Ne5 30. a4 bxa4 31. Bxa4 h6 32. Bb3 Kh7 33. Qb4 Qd1+ 34.
Kh2 Bd5 35. Bxd5 Qxd5 36. Qd4 Qc6 37. c3 Nc4 0-1

[Event "Titled Tue 26th Aug Late"]
[Site "chess.com INT"]
[Date "2025.08.26"]
[Round "3"]
[White "Ciocan, Maria-Alexandra"]
[Black "Hofstadler, Mario"]
[Result "0-1"]
[WhiteTitle "WCM"]
[BlackTitle "CM"]
[WhiteElo "1998"]
[BlackElo "2145"]
[WhiteFideId "1227130"]
[BlackFideId "1660497"]
[EventDate "2025.08.26"]

1. e4 e5 2. Nf3 Nf6 3. d4 Nxe4 4. Bd3 d5 5. Nxe5 Bd6 6. Bxe4 dxe4 7. Nc4 O-O 8.
Nxd6 Qxd6 9. O-O Nc6 10. c3 Bf5 11. Be3 Rad8 12. Na3 a6 13. Nc4 Qg6 14. Kh1 Bg4
15. Qd2 b5 16. Na3 Ne5 17. Qc2 Nf3 18. Bf4 Rd5 19. Nb1 Rh5 20. Qc1 Nh4 21. Rg1
Re8 22. Nd2 Qf5 23. Bg3 Nf3 24. Nxf3 exf3 25. Qf4 fxg2+ 26. Kxg2 Bh3+ 27. Kf3
Qd3+ 28. Qe3 Rf5+ 29. Bf4 Rxf4+ 30. Kxf4 Qf5+ 31. Kg3 Qg4# 0-1

[Event "Titled Tue 26th Aug Late"]
[Site "chess.com INT"]
[Date "2025.08.26"]
[Round "3"]
[White "Tsvetkov, Andrey"]
[Black "Csonka, Balazs"]
[Result "1-0"]
[WhiteTitle "IM"]
[BlackTitle "IM"]
[WhiteElo "2403"]
[BlackElo "2467"]
[WhiteFideId "34139360"]
[BlackFideId "742910"]
[EventDate "2025.08.26"]

1. d4 Nf6 2. c4 e6 3. Nc3 Bb4 4. e3 O-O 5. Bd3 c5 6. Ne2 cxd4 7. exd4 d5 8. cxd5
Nxd5 9. O-O Re8 10. a3 Bf8 11. Nxd5 exd5 12. Nf4 Nc6 13. Be3 g6 14. Qf3 Be6 15.
Nxe6 Rxe6 16. Rad1 Bg7 17. Bb1 Qd7 18. b4 a6 19. Rd2 Rc8 20. h3 Ne7 21. Rfd1 Rf6
22. Qe2 Nf5 23. Bg5 Rfc6 24. Qg4 h5 25. Qf4 Rc1 26. Kh2 Rxd1 27. Rxd1 Qc7 28.
Bxf5 gxf5 29. Re1 Qxf4+ 30. Bxf4 Bxd4 31. Re7 b5 32. Rd7 Bxf2 33. Rxd5 Rc3 34.
Rxf5 Rxa3 35. Rxh5 Bd4 36. Rg5+ Kh7 37. Rd5 Bc3 38. Rd7 Kg6 39. g4 Bxb4 40. h4
Ra2+ 41. Kg3 Ra3+ 42. Kg2 Ra2+ 43. Kf3 Ra3+ 44. Ke4 Ra4 45. h5+ Kf6 46. Kd5 Bf8
47. g5+ Kf5 48. Rxf7+ Kg4 49. Rxf8 1-0

[Event "Titled Tue 26th Aug Late"]
[Site "chess.com INT"]
[Date "2025.08.26"]
[Round "3"]
[White "Beulen, Marcel"]
[Black "Vazelakis, Dimitrios"]
[Result "0-1"]
[WhiteTitle "FM"]
[WhiteElo "2359"]
[BlackElo "1858"]
[WhiteFideId "1001450"]
[BlackFideId "4203674"]
[EventDate "2025.08.26"]

1. e4 d6 2. d4 Nf6 3. Nc3 Nbd7 4. Nf3 e5 5. Bc4 Be7 6. O-O O-O 7. Re1 c6 8. a4
h6 9. h3 Re8 10. Ba2 Bf8 11. Nh4 exd4 12. Qxd4 Nc5 13. Nf3 Be6 14. Bf4 Bxa2 15.
Rxa2 Ne6 16. Qd2 Nxf4 17. Qxf4 Qb6 18. a5 Qb4 19. Qe3 Rad8 20. Qxa7 d5 21. Qe3
d4 22. Qc1 dxc3 23. bxc3 Qxc3 24. e5 Nd5 25. Ra4 Nb4 26. Re2 Bc5 27. Kh2 Nd5 28.
Rae4 Nc7 29. Qf4 Ne6 30. Qf5 Qxa5 31. Rg4 Bf8 0-1